000 01358nam a2200337Ia 4500
001 CRC0KE11060PDF
003 BD-DhSAU
005 20151012144303.0
006 m|||||o||d||||||||
007 cr||||
008 130725s2013 flua sb 001 0 eng d
020 _a9781439822258 (ebook : PDF)
040 _aBD-DhSAU
_cBD-DhSAU
090 _aQH613
_b.H57 2013
092 _a574.8212
_bH673
245 0 0 _aHistochemical and cytochemical methods of visualization
_h[electronic resource] /
_cedited by Jean-Marie Exbrayat.
260 _aBoca Raton :
_bCRC Press,
_c2013.
300 _axv, 335 p. :
_bill.
490 1 _aMethods in visualization
504 _aIncludes bibliographical references and index.
505 0 _asection 1. Histological and histochemical methods with light microscopy -- section 2. Cytological methods in electron microscopy -- section 3. Image quantification.
530 _aAlso available in print edition.
538 _aMode of access: World Wide Web.
650 0 _aHistochemistry.
650 0 _aCytochemistry.
655 7 _aElectronic books.
_2lcsh
700 1 _aExbrayat, J. M.
776 1 _z9781439822227 (hardback)
830 0 _aMethods in visualization.
856 4 0 _uhttp://marc.crcnetbase.com/isbn/9781439822258
_qapplication/PDF
999 _c11510
_d11509